Saundarya samīkṣe. (Record no. 76361)

MARC details
000 -LEADER
fixed length control field 00654cam a22002531 4500
001 - CONTROL NUMBER
control field sa 67007101
003 - CONTROL NUMBER IDENTIFIER
control field DLC
005 - DATE AND TIME OF LATEST TRANSACTION
control field 20260227112413.0
008 - FIXED-LENGTH DATA ELEMENTS--GENERAL INFORMATION
fixed length control field 890815s1965 ii a b 000 0 kano
010 ## - LIBRARY OF CONGRESS CONTROL NUMBER
LC control number sa 67007101
035 ## - SYSTEM CONTROL NUMBER
System control number (OCoLC)20181862
040 ## - CATALOGING SOURCE
Original cataloging agency DLC
Transcribing agency WaU
Modifying agency DLC
042 ## - AUTHENTICATION CODE
Authentication code premarc
043 ## - GEOGRAPHIC AREA CODE
Geographic area code a-ii---
050 00 - LIBRARY OF CONGRESS CALL NUMBER
Classification number BH39
Item number .S55
100 1# - MAIN ENTRY--PERSONAL NAME
Personal name Sivarudrappa, G. S.
Dates associated with a name 1926-
245 10 - TITLE STATEMENT
Title Saundarya samīkṣe.
260 ## - PUBLICATION, DISTRIBUTION, ETC.
Date of publication, distribution, etc. [1965]
300 ## - PHYSICAL DESCRIPTION
Extent v, 426, xviii p.
Other physical details illus.
Dimensions 22 cm.
500 ## - GENERAL NOTE
General note In Kannada.
504 ## - BIBLIOGRAPHY, ETC. NOTE
Bibliography, etc. note Bibliography: p. [v]-xii.
650 #0 - SUBJECT ADDED ENTRY--TOPICAL TERM
Topical term or geographic name entry element Aesthetics.
650 #0 - SUBJECT ADDED ENTRY--TOPICAL TERM
Topical term or geographic name entry element Kannada literature
General subdivision History and criticism.

No items available.

Powered by Koha